Ukazovatele likvidity

Ukazovatele likvidity vypovedajú o schopnosti podniku pokryť krátkodobé cudzie zdroje majetkom, ktorý je speňažiteľný do jedného roka a môžu byť vyjadrené ako ukazovatele absolútne (rozdielové) alebo ukazovatele relatívne.

Salvato in:
Dettagli Bibliografici
Autore principale: Škriniar, Pavel, 1979-
Altri autori: Sovíková, Daniela, 1983-
Natura: Capitolo di libro
Lingua:slovacco
Soggetti:
Tags: Aggiungi Tag
Nessun Tag, puoi essere il primo ad aggiungerne!!

MARC

LEADER 00000nla a2200000 4500
001 0179271
005 20240502073039.4
041 0 |a slo 
044 |a SK 
245 1 0 |a Ukazovatele likvidity  |c Pavel Škriniar, Daniela Sovíková 
520 |a Ukazovatele likvidity vypovedajú o schopnosti podniku pokryť krátkodobé cudzie zdroje majetkom, ktorý je speňažiteľný do jedného roka a môžu byť vyjadrené ako ukazovatele absolútne (rozdielové) alebo ukazovatele relatívne. 
610 2 0 |a podnik 
610 2 0 |a hospodárstvo podniku finančné 
610 2 0 |a pohľadávky 
610 2 0 |a záväzky 
610 2 0 |a prostriedky likvidné 
610 2 0 |a solventnosť 
610 2 0 |a zdroje finančné cudzie 
100 1 |a Škriniar, Pavel, 1979- 
700 1 |a Sovíková, Daniela, 1983-